Responses for Show #6747 - Tuesday, January 7, 2014

Contestants

[<< previous game]

Andrew Nelson, an antiquarian bookseller from New Bedford, Massachusetts

Carolyn Gawlik, a workforce development manager from Dearborn, Michigan

Mary Manhardt, a documentary film editor from New York, New York (whose 1-day cash winnings total $14,401)

[next game >>]

Jeopardy! Round responses

LORD OF THE RINKS
THE PRESIDENT'S ALMA MATER
POKER HANDS
WHEN PIGS FRY
THE "CLASS" STRUGGLE
HEARING-IMPAIRED PEOPLE
    $200 1
Wayne Gretzky

Carolyn
    $200 6
Georgia Tech

Andrew
    $200 11
(Alex: What is [*]--five and dime, [*]?)

a five & a ten

Triple Stumper
    $200 14
bacon

Carolyn
    $200 19
declassify

Mary
    $200 26
Rush Limbaugh

Andrew
    $400 2
Russia

Carolyn
    $400 7
Thomas Jefferson

Mary
    $400 12
three of a kind

Mary
    $400 15
ham

Mary
    $400 20
class action

Mary
    $400 27
(Juliette Gordon) Low

Andrew
    $600 3
penalty minutes

Andrew
    $600 8
John Adams

Andrew
    $600 13
a full house

Carolyn
    $600 16
pork rinds

Mary
    $600 21
business class

Mary
    $600 28
Rob Lowe

Carolyn
    $800 4
Brett Hull

Andrew
    $800 9
Stanford

Andrew
    $800 24
snowmen ("a snowman" accepted)

Mary
    $800 17
schnitzel

Carolyn
    $800 22
private first class

Triple Stumper
    $800 29
Gallaudet

Mary
    $1000 5
the Lady Byng

Carolyn
    $1,400 10
(Andrew: Who is Harrison?)
(Alex: No, Cincinnati and Ohio--"Who is [*]?"--a name that is associated with Ohio.)

William Howard Taft

Andrew
    $1000 25
a Broadway

Triple Stumper
    $1000 18
carnitas

Triple Stumper
    $1000 23
an upperclassman

Andrew
    $1000 30
Goya

Mary

Scores at the first commercial break (after clue 15):

Mary Carolyn Andrew
$1,200 $2,400 $1,600

Scores at the end of the Jeopardy! Round:

Mary Carolyn Andrew
$5,600 $3,800 $3,200

Double Jeopardy! Round responses

AFRODISNEYAC
PLAY THAT FIDDLE
MY WORKDAY WAS TORTURE
BREAKAWAY NATIONS
BESTSELLERS OF THE 13th CENTURY
M TO M
(Alex: Each correct response will begin and end with the letter M.)
    $400 18
The Lion King

Mary
    $400 11
jazz

Andrew
    $400 13
a paper cut

Mary
    $400 28
(Andrew: What is Malaysia?)

Indonesia

MaryAndrew
    $400 6
Constantinople

Mary
    $400 1
monogram

Mary
    $800 19
Tarzan

Mary
    $800 12
(Itzhak) Perlman

Carolyn
    $800 14
a paperclip

Carolyn
    $4,000 26
Uruguay

Andrew
    $800 7
zero

Mary
    $800 2
a mushroom cloud

Andrew
    $1200 20
(Reese) Witherspoon

Andrew
    $1200 23
(Mary: Who is Jack Benny?)

Henny "Take my wife, please" Youngman

Mary
Triple Stumper
    $1200 15
Office Space

Carolyn
    $1200 27
Bangladesh

Mary
    $1200 8
Bacon

Andrew
    $1200 3
Maxim

Carolyn
    $1600 21
(Andrew: What is The Lion King?)

George of the Jungle

CarolynAndrew
    $3,000 24
(Carolyn: Who is I don't know?)
(Alex: Who is [*], [*] known for his long fingers.)

Paganini

Carolyn
    $1600 16
ergonomic

Mary
    $1600 29
Eritrea

Andrew
    $1600 9
Asgard

Triple Stumper
    $1600 4
maelstrom

Triple Stumper
    $2000 22
The Air Up There

Triple Stumper
    $2000 25
pizzicato

Andrew
    $2000 17
a template

Mary
    $2000 30
(Mary: What is Zimbabwe?)
(Andrew: What is Lesotho?)
...
[Mary and Carolyn look at each other and laugh when Alex reveals the correct response.]

Namibia

MaryAndrew
Triple Stumper
    $2000 10
Sufism

Mary
    $2000 5
mannerism

Andrew

Scores at the end of the Double Jeopardy! Round:

Mary Carolyn Andrew
$12,800 $6,400 $12,400

[wagering suggestions for these scores]

Final Jeopardy! Round responses

THE TITANIC
(Alex: [To Carolyn] You were going, it looks like for Galileo and that would've been wrong anyway.)
...
(Alex: Who is [*]? Think of the wireless.)
CarolynWho is Galil
$0
AndrewWho is Galileo?
$400
MaryWho is Fermi?
$12,400
Marconi

Final scores:

Mary Carolyn Andrew
$400 $6,400 $12,000
3rd place: $1,000 2nd place: $2,000 New champion: $12,000

Game dynamics:

Coryat scores:

Mary Carolyn Andrew
$12,800 $9,400 $10,600
21 R,
2 W
12 R,
1 W
(including 1 DD)
16 R
(including 1 DD),
4 W
(including 1 DD)

Combined Coryat: $32,800

[game clues] [game scores] [suggest correction]

Game tape date: 2013-11-05
The J! Archive is created by fans, for fans. Scraping, republication, monetization, and malicious use prohibited; this site may use cookies and collect identifying information. See terms. The Jeopardy! game show and all elements thereof, including but not limited to copyright and trademark thereto, are the property of Jeopardy Productions, Inc. and are protected under law. This website is not affiliated with, sponsored by, or operated by Jeopardy Productions, Inc. Join the discussion at JBoard.tv.